| 000 | 00944 a2200193 4500 | ||
|---|---|---|---|
| 020 | _a0566082454 | ||
| 020 | _a9780566082450 | ||
| 082 | 0 | 4 | _a658.562 |
| 090 |
_c814 _d814 |
||
| 100 | 1 | _aWealleans, David. | |
| 245 | 1 | 4 |
_aThe quality audit for iso 9001 : _b2000 : _ba practical guide / _cDavid Wealleans. |
| 260 |
_a[S.l.] : _bGower Publishing Company, _c2000. |
||
| 300 |
_a275 p. ; _c24 cm. |
||
| 500 | _aHardcover. | ||
| 520 | _aA complete guide to the entire range of audits associated with maintaining compliance to ISO 9001. The book covers all aspects of auditing, including certification assessment, supplier investigation and internal audit, thereby enabling the auditor to appreciate the approaches adopted. | ||
| 856 | 4 | 0 |
_3Amazon.com _uhttp://www.amazon.com/exec/obidos/ASIN/0566082454/chopaconline-20 |
| 856 | 4 | 0 |
_3Amazon customer reviews _uhttp://www.chopac.org/cgi-bin/tools/azrev.pl?q=0566082454 |
| 942 |
_aNBS _cBK _k658.562 WEA |
||
| 999 |
_c343360 _d343360 |
||